[Event "Olympiad-39"]
[Site "Khanty-Mansiysk"]
[Date "2010.09.25"]
[Round "5.2"]
[White "Svidler, Peter"]
[Black "Almasi, Zoltan"]
[Result "1/2-1/2"]
[WhiteElo "2731"]
[BlackElo "2707"]
[Annotator "Marin,M"]
[PlyCount "53"]
[EventDate "2010.09.21"]
[EventType "team-swiss"]
[EventRounds "11"]
[EventCountry "RUS"]
[SourceTitle "CBM 139"]
[Source "ChessBase"]
[SourceDate "2010.11.18"]
[SourceVersion "1"]
[SourceVersionDate "2010.11.18"]
[SourceQuality "1"]
[WhiteTeam "Russia"]
[BlackTeam "Hungary"]
[WhiteTeamCountry "RUS"]
[BlackTeamCountry "HUN"]

1. e4 e5 2. Nf3 Nc6 3. Bb5 Nf6 4. O-O Nxe4 5. d4 Nd6 6. Bxc6 dxc6 7. dxe5 Nf5
8. Qxd8+ Kxd8 9. Nc3 Bd7 10. Rd1 (10. h3 h6 11. b3 Kc8 12. Bb2 b6 13. Rad1 Ne7
14. Ne2 Ng6 15. Ng3 Nf4 16. Bc1 Ne6 17. Nd4 h5 18. c4 Nxd4 19. Rxd4 Be7 20.
Rfd1 Be6 $11 {[%cal Gc8b7,Ga8d8] Rasmussen,A (2530)-Roussel Roozmon,T (2484)/
Khanty-Mansiysk 2010/CBM 139 (1/2, 36)}) (10. b3 Kc8 11. Bb2 Be7 12. Rad1 b6
13. h3 h5 14. Ne4 c5 15. Nc3 a5 16. Nd5 Bd8 17. a4 c4 {Getting rid of the
double pawns and weakening the b3-square.} 18. Rfe1 Re8 19. Re4 cxb3 20. cxb3
Be6 21. Rd3 Ne7 22. Nxe7+ Bxe7 $11 {Socko,B (2657)-Harikrishna,P (2645)/
Khanty-Mansiysk 2010 (1/2, 29)}) 10... Kc8 11. Ng5 Be8 12. b3 a5 13. a4 b6 14.
Bb2 Be7 15. Nge4 Kb7 16. Rd3 Rd8 17. Rxd8 Bxd8 18. Rd1 Kc8 19. f3 h5 {After
having completed his regrouping, Black starts taking measures against White's
kingside expansion.} 20. Ne2 {White has a slightly unusual piece placement,
but this does not change the character of the position.} Bd7 21. Kf2 c5 22. c4
Re8 23. Nf4 h4 24. Nd5 Re6 25. Nf4 {White decides to take a draw. In order to
make progress, he would need playing g2-g4, but this is not easy to be
achieved under favourable circumstances.} (25. g4 hxg3+ 26. hxg3 Rh6 $132) (25.
f4 Rh6 26. Kf3 Be6 27. Nf2 Rg6 $5 $11 28. Ng4 $2 Rxg4 $19) 25... Re8 26. Nd5
Re6 27. Nf4 1/2-1/2

[Event "Wch Blitz 5th"]
[Site "Moscow"]
[Date "2010.11.16"]
[Round "10"]
[White "Karjakin, Sergey"]
[Black "Svidler, Peter"]
[Result "1/2-1/2"]
[WhiteElo "2760"]
[BlackElo "2722"]
[PlyCount "81"]
[EventDate "2010.11.16"]
[EventType "tourn (blitz)"]
[EventRounds "38"]
[EventCountry "RUS"]
[EventCategory "20"]
[SourceTitle "EXT 2011"]
[Source "ChessBase"]
[SourceDate "2010.11.26"]
[SourceVersion "1"]
[SourceVersionDate "2010.11.26"]
[SourceQuality "1"]

1. Nf3 g6 2. e4 Bg7 3. d4 d6 4. c3 Nf6 5. Bd3 O-O 6. O-O c5 7. dxc5 dxc5 8. h3
Nc6 9. a4 Qc7 10. Na3 a6 11. Qe2 Nh5 12. Re1 Rd8 13. Nc4 Be6 14. a5 Nf4 15.
Bxf4 Qxf4 16. Nb6 Rab8 17. Bc4 Bxc4 18. Nxc4 Ne5 19. Nfxe5 Bxe5 20. g3 Qf6 21.
Qe3 Qe6 22. Qxc5 Bxg3 23. fxg3 Rbc8 24. Qe5 Qxc4 25. Qxe7 Qb5 26. Rf1 Rd7 27.
Qf6 Qxb2 28. Rad1 Qb5 29. Rd5 Qa4 30. c4 Rcc7 31. Qd4 Qc6 32. e5 Qe6 33. Kg2
Rxc4 34. Rxd7 Rxd4 35. Rxd4 Qxe5 36. Ra4 Qd5+ 37. Rf3 h5 38. h4 Kg7 39. Raa3
Qd2+ 40. Rf2 Qd5+ 41. Rff3 1/2-1/2

[Event "Wch Blitz 5th"]
[Site "Moscow"]
[Date "2010.11.17"]
[Round "20"]
[White "Mamedov, Rauf"]
[Black "Svidler, Peter"]
[Result "1/2-1/2"]
[WhiteElo "2660"]
[BlackElo "2722"]
[PlyCount "55"]
[EventDate "2010.11.16"]
[EventType "tourn (blitz)"]
[EventRounds "38"]
[EventCountry "RUS"]
[EventCategory "20"]
[SourceTitle "EXT 2011"]
[Source "ChessBase"]
[SourceDate "2010.11.26"]
[SourceVersion "1"]
[SourceVersionDate "2010.11.26"]
[SourceQuality "1"]

1. g3 g6 2. Bg2 Bg7 3. e4 c5 4. Nf3 Nc6 5. O-O e6 6. c3 d5 7. exd5 exd5 8. d4
cxd4 9. Nxd4 Nge7 10. Bg5 h6 11. Bf4 O-O 12. Re1 Nxd4 13. cxd4 Nc6 14. Be3 Re8
15. Nc3 Nxd4 16. Nxd5 Bf5 17. Bxd4 Rxe1+ 18. Qxe1 Bxd4 19. Ne7+ Kg7 20. Nxf5+
gxf5 21. Rd1 Qb6 22. b3 Rc8 23. Qe2 Rc7 24. Bf3 Qf6 25. Kg2 b6 26. Qd3 Bc5 27.
Re1 Qd4 28. Qxd4+ 1/2-1/2

[Event "Wch Blitz 5th"]
[Site "Moscow"]
[Date "2010.11.18"]
[Round "33"]
[White "Eljanov, Pavel"]
[Black "Svidler, Peter"]
[Result "1/2-1/2"]
[WhiteElo "2742"]
[BlackElo "2722"]
[PlyCount "98"]
[EventDate "2010.11.16"]
[EventType "tourn (blitz)"]
[EventRounds "38"]
[EventCountry "RUS"]
[EventCategory "20"]
[SourceTitle "EXT 2011"]
[Source "ChessBase"]
[SourceDate "2010.11.26"]
[SourceVersion "1"]
[SourceVersionDate "2010.11.26"]
[SourceQuality "1"]

1. d4 Nf6 2. c4 g6 3. Nc3 d5 4. Nf3 Bg7 5. Bg5 Ne4 6. Bf4 Nxc3 7. bxc3 c5 8.
cxd5 Qxd5 9. e3 O-O 10. Be2 cxd4 11. cxd4 Nc6 12. O-O Bf5 13. Qa4 Rac8 14. Rac1
Qa5 15. Qxa5 Nxa5 16. Nd2 Nc6 17. g4 Be6 18. a3 Rfd8 19. Bf3 Bd5 20. Kg2 Bxf3+
21. Nxf3 f6 22. Bg3 e6 23. Rc4 Bf8 24. a4 Nb4 25. Rfc1 Rc6 26. g5 f5 27. Rxc6
Nxc6 28. Ne5 Rc8 29. a5 a6 30. Nxc6 bxc6 31. Rb1 c5 32. dxc5 Rxc5 33. Rb8 e5
34. f4 Kf7 35. fxe5 Be7 36. e6+ Kxe6 37. Rb6+ Kd5 38. Rxa6 Bxg5 39. Rd6+ Kc4
40. a6 Bxe3 41. Kf3 f4 42. Bxf4 Bxf4 43. Kxf4 Ra5 44. Ke4 Ra2 45. h4 Kb5 46.
Kf4 Ra4+ 47. Kg5 h6+ 48. Kxh6 Rxh4+ 49. Kxg6 Ra4 1/2-1/2

[Event "Wch Blitz 5th"]
[Site "Moscow"]
[Date "2010.11.18"]
[Round "37"]
[White "Gelfand, Boris"]
[Black "Svidler, Peter"]
[Result "1/2-1/2"]
[WhiteElo "2741"]
[BlackElo "2722"]
[PlyCount "57"]
[EventDate "2010.11.16"]
[EventType "tourn (blitz)"]
[EventRounds "38"]
[EventCountry "RUS"]
[EventCategory "20"]
[SourceTitle "EXT 2011"]
[Source "ChessBase"]
[SourceDate "2010.11.26"]
[SourceVersion "1"]
[SourceVersionDate "2010.11.26"]
[SourceQuality "1"]

1. c4 e5 2. Nc3 Nf6 3. Nf3 Nc6 4. g3 Bc5 5. Nxe5 Bxf2+ 6. Kxf2 Nxe5 7. e4 c5 8.
d4 cxd4 9. Qxd4 O-O 10. Be2 Re8 11. Bf4 d6 12. Rhd1 Qa5 13. Qxd6 Qxc3 14. bxc3
Nxe4+ 15. Kg1 Nxd6 16. Rxd6 Bg4 17. Bxg4 Nxg4 18. Rad1 h6 19. Rd7 Re2 20. h3
Nf2 21. Kf1 Rxa2 22. Rb1 Re8 23. Rbxb7 Nxh3 24. Bd2 Re6 25. Rxa7 Rxa7 26. Rxa7
Rc6 27. Kg2 Ng5 28. Ra5 Rxc4 29. Rxg5 1/2-1/2

[Event "EU-ch 12th"]
[Site "Aix les Bains"]
[Date "2011.03.22"]
[Round "1"]
[White "Svidler, Peter"]
[Black "Ziska, Helgi Dam"]
[Result "1/2-1/2"]
[WhiteElo "2730"]
[BlackElo "2432"]
[PlyCount "37"]
[EventDate "2011.03.22"]
[EventType "swiss"]
[EventRounds "11"]
[EventCountry "FRA"]
[SourceTitle "CBM 142 Extra"]
[Source "ChessBase"]
[SourceDate "2011.06.27"]
[SourceVersion "1"]
[SourceVersionDate "2011.06.27"]
[SourceQuality "1"]
[TimeControl "40/5400+30:1800+30"]

1. d4 Nf6 2. g3 g6 3. Bg2 Bg7 4. e4 d6 5. Nc3 O-O 6. Nge2 e5 7. h3 c6 8. a4 a5
9. O-O Na6 10. Be3 {[%emt 0:01:25]} Nb4 {[%emt 0:01:12]} 11. f4 {[%emt 0:01:18]
} exf4 {[%emt 0:01:08]} (11... Nh5 12. Kh2 f5 13. Qd2 Qc7 14. Rac1 exf4 15.
Nxf4 Nf6 16. Nd3 {[%emt 0:02:19] 1/2-1/2 Alekseev,E (2691) -Motylev,A (2694)/
Plovdiv 2010/CBM}) 12. gxf4 $146 {[%emt 0:01:18] Une position test pour les
modules d'analyse qui ont du mal а comprendre la structure de P et même
Houdini donne un avantage noir alors que la position est équilibrée, voire
même ... un peu meilleure pour les Blancs qui ont le centre!} (12. Nxf4 $142 d5
13. e5 Ne8 14. Nb1 (14. Qd2) 14... f6 15. c3 Na6 16. exf6 Nxf6 17. Nd2 Nc7 18.
Qb3 Kh8 19. Rae1 Nce8 20. Nd3 Bf5 21. Ne5 Nd6 22. Bg5 Qc8 23. g4 Be6 24. Qc2
Bg8 25. Ndf3 Nde4 26. Nh4 Re8 {Bologan,V (2700)-Prusikin,M (2540)/ Warsaw 2005/
CBM 108/1-0 (32)}) 12... d5 $1 {08 Forçant un léger affaiblissement des cases
Blanches} 13. e5 {[%emt 0:01:17]} Nh5 {[%emt 0:00:58]} 14. Qd2 {[%cal Gc3d1,
Gc2c3] Après 15 mns de réflexion} Bh6 $1 {[%emt 0:00:50][%csl Rf4]} 15. Nd1 {
[%cal Gc2c3] 55} Bf5 $1 {[%csl Rc2]} 16. Rc1 (16. c3 {[%csl Rd3]} Nd3 $36 (
16... Nc2 $132) 17. Nf2 Nxf2 18. Rxf2 Qh4 {[%csl Rh3]}) 16... Na2 {Forçant la
nulle} 17. Ra1 Nb4 18. Rc1 {[%emt 0:00:44]} Na2 19. Ra1 {Dominique PRIMEL}
1/2-1/2

[Event "EU-ch 12th"]
[Site "Aix les Bains"]
[Date "2011.03.24"]
[Round "3"]
[White "Wirig, Anthony"]
[Black "Svidler, Peter"]
[Result "1/2-1/2"]
[WhiteElo "2480"]
[BlackElo "2730"]
[PlyCount "74"]
[EventDate "2011.03.22"]
[EventType "swiss"]
[EventRounds "11"]
[EventCountry "FRA"]
[SourceTitle "CBM 142 Extra"]
[Source "ChessBase"]
[SourceDate "2011.06.27"]
[SourceVersion "1"]
[SourceVersionDate "2011.06.27"]
[SourceQuality "1"]
[TimeControl "40/5400+30:1800+30"]

1. d4 Nf6 2. c4 g6 3. Nc3 {Relève le défi théorique face au spécialiste de la
défense Gruenfeld} d5 4. cxd5 Nxd5 5. Bd2 $5 {Une ligne secondaire} Bg7 6. e4
Nb6 (6... Nxc3 7. Bxc3 c5 8. d5 Bxc3+ 9. bxc3 O-O 10. Rb1 e6 11. Bc4 Qf6 (11...
Qg5 12. Kf1) 12. Ne2 Nd7 13. dxe6 fxe6 14. O-O Nb6 15. Bb3 Qe5 (15... c4 16.
Bc2 e5 17. a4) 16. Qd3 {Lastin,A (2590)-Yandemirov,V (2515) Voronezh op-A 11th
2007 (3) 1-0} (16. a4 Qxe4 17. a5 Nc4 18. Ng3 Qf4 19. Bxc4 Qxc4 20. Qb3 Qxb3
21. Rxb3 Rd8 22. Rfb1 $44)) 7. Be3 {[%emt 0:01:30]} O-O {[%emt 0:01:25]} 8. h3
(8. Be2 {La grande ligne}) (8. f4) 8... e5 (8... f5 9. exf5 Bxf5 10. Nf3 Nc6
11. Qb3+ Kh8 12. d5 Ne5 13. Nxe5 Bxe5) 9. Nf3 ({RR} 9. dxe5 Bxe5 10. Qc2 Nc6
11. Nf3 Bg7 12. Be2 Nb4 13. Qb1 Qe7 14. O-O Be6 15. a3 Nc6 16. Qc2 Rfe8 17. Nb5
a6 18. Nc3 Bc4 19. Bxc4 Nxc4 20. Bg5 Nd4 21. Nxd4 Qxg5 22. Nf3 Qe7 23. Rfe1 c6
{Evdokimov,A (2564) -Svidler,P (2750)/Dagomys 2010/CBM 136/0-1 (41)}) 9... exd4
10. Bxd4 Bxd4 {[%emt 0:01:19]} 11. Qxd4 {[%emt 0:01:26]} Be6 $146 {[%csl Gc4]}
({RR} 11... Qe7 12. Qe3 ({RR} 12. Be2 Nc6 13. Qe3 Be6 14. O-O Rad8) ({RR} 12.
O-O-O) 12... Nc6 ({RR} 12... f5 13. Be2 fxe4 14. Nxe4 Bf5 15. Nc5 Qxe3 16. fxe3
N8d7 17. Nxb7 Rae8 18. O-O ({RR} 18. Kf2 Nd5 19. Bc4) 18... Rxe3 19. Rae1 Be4
20. Na5 Bd5 21. b3 Nc5) 13. Bb5 Nb4 ({RR} 13... f5 14. Bxc6 bxc6 15. exf5 ({RR
} 15. O-O) 15... Qxe3+ 16. fxe3 Bxf5 17. O-O Rae8 18. Rae1 Bd3 19. Rf2 Nd5) 14.
Rc1 Be6 ({RR} 14... f5 15. a3 a6 16. Be2 f4 ({RR} 16... Nc6 17. Nd5 Qxe4 18.
Nxc7 Qxe3 19. fxe3 Ra7 20. Nxa6) 17. Qd2 Nc6 18. Nd5 Nxd5 19. exd5 Ne5 20. O-O)
15. b3 a6 16. Be2 Nc6 17. O-O f6 18. Rfe1 Rad8 19. Bf1 Bf7 20. Nh2 Be6 21. f4
Nd4 ({RR} 21... Rd7 22. f5 Bf7 23. Ng4 Ne5) 22. f5 Bf7 23. Ng4 gxf5 ({RR} 23...
Nc6) 24. Nh6+ Kh8 25. Qf2 fxe4 ({RR} 25... Bh5 26. Nd5) ({RR} 25... f4) 26.
Rxe4 {Anand,V (2788)-Svidler,P (2754)/Moscow 2009/CBM 133/[Krasenkow]/ 1-0 (32)
}) (11... Nc6 12. Qe3 Be6) 12. Qc5 {[%cal Ga1d1] 43 Le MI s'est lancé dans une
longue réflexion après la nouveauté Be6} N8d7 (12... f5) 13. Qe3 Qe7 $11 14.
Be2 {[%emt 0:00:42]} c6 {[%emt 0:00:48]} (14... f5 $5 {[%csl Re1]}) 15. O-O {
[%emt 0:00:39]} Bc4 {[%emt 0:00:46]} 16. Rfe1 {[%emt 0:00:34]} Rfe8 {[%emt 0:
00:45]} 17. b3 {[%emt 0:00:24]} Bxe2 18. Rxe2 Qc5 19. Rd1 {19 Le français a
une position saine qui devrait lui permettre de faire face au zeitnot sans
problèmes} Qxe3 20. Rxe3 Re7 21. Ne1 {[%emt 0:00:07]} (21. Red3) 21... a5 {
[%emt 0:00:33]} 22. f3 {[%emt 0:00:05]} a4 $132 {[%emt 0:00:33]} 23. Nc2 axb3
24. axb3 h5 25. h4 Nc5 26. b4 Ne6 27. Red3 Nc4 28. Rd7 Kf8 29. Rxe7 Kxe7 30. b5
cxb5 {[%emt 0:00:29]} 31. Rb1 Nc7 32. Nxb5 Nxb5 33. Rxb5 b6 34. Rb4 Rc8 35. Nd4
Kd6 36. Nb5+ Kd7 37. Nd4 Kd6 {Cette belle performance du français lui
permettait de commencer а penser а une nouvelle norme de GMI} 1/2-1/2

[Event "EU-ch 12th"]
[Site "Aix les Bains"]
[Date "2011.03.26"]
[Round "5"]
[White "Svidler, Peter"]
[Black "Ivanisevic, Ivan"]
[Result "1/2-1/2"]
[WhiteElo "2730"]
[BlackElo "2617"]
[PlyCount "35"]
[EventDate "2011.03.22"]
[EventType "swiss"]
[EventRounds "11"]
[EventCountry "FRA"]
[SourceTitle "CBM 142 Extra"]
[Source "ChessBase"]
[SourceDate "2011.06.27"]
[SourceVersion "1"]
[SourceVersionDate "2011.06.27"]
[SourceQuality "1"]
[TimeControl "40/5400+30:1800+30"]

1. e4 {[%emt 0:00:01]} d6 {[%emt 0:00:01]} 2. d4 {[%emt 0:00:31]} Nf6 {[%emt 0:
00:31]} 3. Nc3 {[%emt 0:00:31]} e5 {[%emt 0:00:11]} 4. Nf3 {[%emt 0:02:31]}
Nbd7 {[%emt 0:00:15]} 5. Bc4 {[%emt 0:01:00]} Be7 {[%emt 0:03:01]} 6. O-O {
[%emt 0:01:31]} c6 {[%emt 0:01:15][%cal Gb7b5]} (6... O-O {La grande ligne de
la défense Philidor}) 7. a4 {[%emt 0:01:30]} Qa5 {[%emt 0:02:31]} 8. Re1 {
[%emt 0:04:40] 82} O-O {[%emt 0:01:27]} 9. h3 {[%emt 0:04:31] 78} b5 {[%emt 0:
10:31] 77} 10. Ba2 {[%emt 0:26:31] 52" Joué après une longue réflexion
probablement pour analyser l'alternative Bd3} (10. Bd3 $5) 10... b4 {[%emt 0:
07:31] 70} 11. Nb1 {[%emt 0:02:31][%csl Ra5,Rd6][%cal Gb1d2,Gd2c4,Gc4a5]} (11.
Ne2 $5 Nxe4 12. dxe5 dxe5 13. Ned4 {[%cal Ge1e4]} Ndf6 (13... Nxf2 14. Nxc6 {
[%cal Gc6a5,Gc6e7]}) 14. Nxc6 $14 {[%cal Gc6a5,Gc6e7]}) 11... Qc7 $146 {
[%emt 0:02:31]} ({RR} 11... Bb7 12. Nbd2 {[%emt 0:05:31]} Rad8 13. Nc4 Qc7 14.
a5 h6 15. Bd2 Rfe8 16. c3 Bf8 17. dxe5 Nxe5 18. Nfxe5 dxe5 19. Qc2 c5 20. f3
Ba6 21. Red1 Rd7 22. Be1 Nh5 23. Rxd7 Qxd7 24. Rd1 Qc7 25. Qa4 Qb8 26. Qb3 {
Slizhevsky, A (2452)-Avdeenko,T (2186)/Tomsk 2007/EXT 2008/1-0 (47)}) (11...
Ba6 $11) 12. Nbd2 {[%emt 0:04:05] 47} exd4 {[%emt 0:18:31] 50} 13. Nxd4 {
[%emt 0:00:15]} Nc5 {[%emt 0:03:31]} 14. Qf3 $1 {[%emt 0:03:45][%cal Gd4c6,
Ge4e5,Gd4f5] 44} Be6 {[%emt 0:03:31] 44} (14... Re8 {[%cal Ge8e4]}) 15. N2b3 {
[%emt 0:08:31] 36 Les deux joueurs ont beaucoup réfléchi lors de cette phase
de jeu et le zeitnot approche} (15. Nc4 $5 Nfxe4 16. Rxe4 d5 17. Qf4 Qxf4 18.
Rxf4 dxc4 19. Nxe6 fxe6 20. Rxc4 $36 {[%csl Ga2,Gc1,Re6]}) 15... d5 $1 {
[%emt 0:06:31] 37} 16. Bf4 {[%emt 0:02:31][%cal Gf4c7] 35} Qd7 {[%emt 0:04:31]}
17. exd5 {[%emt 0:02:15] 30} (17. e5 Nfe4 $132) 17... Bxd5 {[%emt 0:04:31]} 18.
Nxc5 {La gestion du temps de cette partie nous apprend qu'il ne s'agissait
nullement d'une nulle de salon.} 1/2-1/2

[Event "EU-ch 12th"]
[Site "Aix les Bains"]
[Date "2011.03.27"]
[Round "6"]
[White "Popov, Ivan1"]
[Black "Svidler, Peter"]
[Result "1/2-1/2"]
[WhiteElo "2613"]
[BlackElo "2730"]
[PlyCount "42"]
[EventDate "2011.03.22"]
[EventType "swiss"]
[EventRounds "11"]
[EventCountry "FRA"]
[SourceTitle "CBM 142 Extra"]
[Source "ChessBase"]
[SourceDate "2011.06.27"]
[SourceVersion "1"]
[SourceVersionDate "2011.06.27"]
[SourceQuality "1"]
[TimeControl "40/5400+30:1800+30"]

1. e4 e5 2. Nf3 Nc6 3. Nc3 Nf6 4. Bb5 {92} Nd4 {90} 5. Nxe5 {Cette vieille
ligne n'a pas trés bonne réputation théorique mais elle a surpris les Noirs
qui ont réfléchi avant de choisir une variante} Qe7 {87} 6. f4 {92} Nxb5 {82}
7. Nxb5 d6 {73 Les Noirs ont visiblement été sortis de la préparation au 05ème
coup} 8. Nf3 Qxe4+ (8... c6 $5) 9. Kf2 Ng4+ 10. Kg3 Qg6 11. Nh4 Qf6 $1 $146 {
66 Une forte nouveauté trouvée devant l'échiquier} (11... Qh5 12. h3 (12. Nxc7+
Kd8 13. h3 $13) 12... Qxb5 13. hxg4 (13. a4 $5 {Obodchuk} Qd5 14. hxg4) 13...
g5 14. fxg5 Qe5+ 15. Kf2 Qd4+ 16. Kg3 Qe5+ 17. Kh3 Qxg5 18. d4 Qa5 19. g3 Rg8
20. Kh2 Bxg4 21. Re1+ Be7 22. Qd2 Kd7 23. Qh6 Qd5 24. Be3 Rae8 25. Bf2 Bg5 26.
Qxh7 {Lundin,E-Michel,P/Buenos Aires 1939/ HCL/0-1 (34)}) 12. h3 {89} g5 {61}
13. Qe2+ Ne5 14. d4 (14. Nf3 gxf4+ 15. Kh2 {Vandenbussche,T (2359)-Hebden,M 
(2516) Amsterdam Batavia Grolsch 4th 2012 (7) 1-0}) 14... gxf4+ 15. Kh2 Qxh4 (
15... Kd8 16. dxe5 Qxh4 17. exd6 Qg3+ 18. Kg1 Bd7 19. Nc3 Bc6 20. dxc7+ Kxc7
21. Qf2 Bd6 $40 {[%csl Rg1] Obodchuk" The four N game"}) 16. dxe5 Qg3+ {50} 17.
Kg1 f3 {25 Après une longue réflexion, les Noirs choisissent ce coup qui force
quasiment l'échange des Q} (17... Rg8 {[%cal Gc8h3,Gg8g1]} 18. Nxc7+ Kd8 19.
Bxf4 (19. Nxa8 f3) 19... Qxf4 20. Nxa8 b6 21. Rf1 Qd4+ 22. Qf2 (22. Kh2 $6 Bg7
{[%cal Gg7e5,Ge5h2]}) 22... Bb7 {[%cal Gb7h1,Gb7a8]} 23. Rh2 {[%csl Rh2]} (23.
Qxd4 Rxg2#) 23... Qxf2+ 24. Rxf2 {[%cal Gg2g4]} dxe5 25. Rxf7 (25. g4 Bc5)
25... Bc5+ 26. Kf1 Bxa8 27. Rxh7 Be4 28. Rf7 Bxc2 29. g4 Bd3+ 30. Ke1 a5 $17) (
17... Kd8 $5 {Plus simple}) 18. Qxf3 (18. Qf2 $143 Qxf2+ 19. Kxf2 fxg2 20. Kxg2
Rg8+ $36 21. Kf2 Kd8 {[%csl Gc8,Gf8]}) 18... Qxf3 19. gxf3 Kd7 20. exd6 Bxd6
21. Nxd6 Kxd6 1/2-1/2